| 000 | 01788nam0a2200397 4500 | ||
|---|---|---|---|
| 001 | RU\NLR\BIBL_A\012329526 | ||
| 005 | 20201113132829.0 | ||
| 010 |
_a978-5-98862-547-6 _91000 |
||
| 021 |
_aRU _bКН-П-20-027480 _9КН-П-20-2119 |
||
| 035 | _a(NLR Aleph) 012329526 | ||
| 035 | _a(RuMoRGB)010332409 | ||
| 090 |
_a11465551 _c11465551 |
||
| 100 | _a20200910d2020 d y0rusy50 ca | ||
| 101 | 0 |
_arus _aeng |
|
| 102 | _aRU | ||
| 105 | _aa|||j|||000zy | ||
| 181 | 0 |
_ai _baxxe |
|
| 182 | 0 | _an | |
| 200 | 1 |
_aЗабавные истории от мистера Мухомора Морриса _dFunny stories from Mr. Death Cap Morris _e[учебное пособие для изучающих английский язык уровней Beginner и Elementary] _fДмитрий Андреев _zeng |
|
| 203 |
_aТекст _bвизуальный _cнепосредственный |
||
| 210 |
_aМосква _cГрифон _d2020 |
||
| 215 |
_a102, [1] с. _cил. _d21 |
||
| 300 | _aНа обл.: Funny stories from Mr. Death Cap Morris / Dmitriy Andreyev | ||
| 300 | _aтекст рус., англ. | ||
| 333 | _a12+ | ||
| 510 | 1 |
_6z11790 _aFunny stories from Mr. Death Cap Morris _zeng |
|
| 606 | 1 |
_aАнглийский язык _jКниги для чтения _2nlr_sh2 _3RU\NLR\AUTH\6646032 |
|
| 686 | 1 | _aШ143.21-93рус91 | |
| 700 | 1 |
_aАндреев _bД. Ю. _cканд. культурологии, английский язык _gДмитрий Юрьевич _3RU\NLR\AUTH\770159299 |
|
| 790 | 1 |
_6z11510 _aAndreev _bD. Yu. _cканд. культурологии, английский язык _gDmitrij Yur'evič _3RU\NLR\AUTH\770221104 |
|
| 942 | _cBOOK | ||
| 980 | _aNBR | ||
| 980 | _aNB | ||